| 000 | 00789nam a2200193 a 4500 | ||
|---|---|---|---|
| 003 | 0 | ||
| 005 | 20250519095013.0 | ||
| 008 | 030519s19uu xx 00 eng d | ||
| 050 |
_aPHS HQ 755.85 _b.A54 2003 |
||
| 100 | _aAngulo, Katrina Aissa C. | ||
| 245 |
_aA Study on the support system given by the families of the drug dependents in Silver Crest Foundation Incorporation / _cKatrina Aissa C. Angulo. |
||
| 260 |
_aLas PiƱas City, Philippines : _bSouthville International School and Colleges, _c2003. |
||
| 300 |
_aunnumbered pages : _billustrations ; _c28 cm. |
||
| 504 | _aIncludes bibliographical references. | ||
| 650 |
_aDrug addicts _xRehabilitation _zPhilippines. |
||
| 650 |
_aFamily support _zPhilippines. |
||
| 650 |
_aDrug addicts _xFamily relationships. |
||
| 942 |
_2lcc _cPASS |
||
| 999 |
_c96762 _d96762 |
||